Descentralización y equidad: el caso de los servicios sociales en Chile

Збережено в:
Бібліографічні деталі
Автор: Larrañaga, Osvaldo (Автор)
Співавтор: Programa de Postgrado en Economía ILADES-Georgetown University (Автор)
Формат: Книга
Мова:Іспанська
Опубліковано: Santiago ILADES 1995
Серія:Investigación, ILADES, I-84
Предмети:
Теги: Додати тег
Немає тегів, Будьте першим, хто поставить тег для цього запису!

MARC

LEADER 00000nam a2200000 a 4500
001 UCR8689
003 CL-VaPUC
008 980529e19950100CL |||||||||||||||||spa|d
082 0 4 |a 330.711  |b LAR  |2 21 
100 |a Larrañaga, Osvaldo  |e author  |9 518468 
110 2 |a Programa de Postgrado en Economía ILADES-Georgetown University  |e author  |9 410765 
245 1 0 |a Descentralización y equidad: el caso de los servicios sociales en Chile 
300 |a 32 p 
942 |c BK 
945 |d 19980529 00:00:00  |a crobeson 
260 |a Santiago  |b ILADES  |c 1995 
650 7 |a EDUCACION DE POSTGRADO  |2 CL-VaPUC  |9 310729 
650 0 |a Economía   |9 255568 
650 0 |a Servicio social  |9 307999 
651 7 |a CHILE  |2 CL-VaPUC  |9 410766 
583 |a last modification  |c 19980529 00:00:00  |k Rodrigo Vera 
490 0 |a Investigación, ILADES, I-84 
999 |c 270085  |d 270083